| 000 | 00435nam a2200145Ia 4500 | ||
|---|---|---|---|
| 008 | 231129s2001||||xx |||||||||||||| ||spa|| | ||
| 020 | _a958-41-0150-1 | ||
| 040 | _bspa | ||
| 082 | _a658.827 M342L | ||
| 100 | _aMariotti John | ||
| 245 | 0 | _aLo fundamental y lo más efectivo acerca de las marcas y el branding | |
| 260 | _c2001 | ||
| 264 | _aBogotá Colombia : McGraw-Hill | ||
| 942 |
_2ddc _cBKS |
||
| 999 |
_c19369 _d19369 |
||